| 000 | 00667cam a2200193 a 4500 | ||
|---|---|---|---|
| 008 | 030527s2000 ve 000 0dspa u | ||
| 020 | _a9802928035 | ||
| 035 | _aa429989 | ||
| 050 | 0 |
_aF2276 .O22 _bS26 2000 |
|
| 100 | 1 | _aSant Roz, José | |
| 245 | 1 | 3 |
_aEl Jackson granadino : _bJosé María Obando : recuento político-religioso del asesinato de Sucre / _cJosé Sant Roz. |
| 260 |
_aMérida, Venezuela : _bKariña Editores, _c2000. |
||
| 300 |
_a470 p. ; _c22 cm. |
||
| 500 | _aIncluye índice | ||
| 600 | 1 | 4 |
_aObando, José María, _d1795-1861 |
| 600 | 1 | 4 |
_aSucre, Antonio José de, _d1795-1830 |
| 651 | 4 |
_aColombia _xHistoria _y1822-1832 |
|
| 942 |
_2lcc _cLIB |
||
| 999 |
_c63561 _d63561 |
||